Chaine de mots "prénoms alternant voyelles et consonnes" - Statistiques

Statistiques générales
  • Ce quiz a été pris 67 fois
  • Le résultat moyen est 11 sur 27
Statistiques - réponses
Définition Prénom % Correct
Do _ _ _ _- Fa-Sol-La-Si-Do Remi
100%
Partenaire inconditionnel de Ramzy Eric
87%
Lors d'une soirée c'est celui qui boit pas Sam
82%
Elle continue de viser la lune en levant le poing Amel
70%
Emmanuelle Béart l'interprète aux sources Manon
70%
Dans les pubs son nom de famille c'est Ricci Nina
69%
Voici venu le temps de l'île aux enfants Casimir
67%
Département 60+10+8 Yveline
57%
Que d' aMOORE avec 007 ;) Roger
51%
Elle raccroche et elle rappelle Sarah
48%
Elle est née _ _ _ _ _ _ _ _ enfant chantons tous son avènement Ludivine
46%
Ce conquérant de l'empire romain serait-il né d'une césarienne ? Jules
44%
Il a chanté Rétine et Longtemps Amir
41%
Son copain lui a fait faire une overdose Amy
39%
Trois premières lettres du groupe chantant Bring me to life Eva
38%
On en fait à la pétanque... Caro
31%
Un petit écolier qui perdit son S... Nicola
30%
Si tu trouves cet animal tu seras taupe;) René
26%
Est-elle si royale ? Ségolène
26%
Anagramme de CLAIRA pour former un prénom breton Alaric
25%
Elle était dans la promo 2025 de la Star Ac' Ema
23%
Elle fait le lien entre le monde des humains et celui des Dieux Iris
23%
Capitale du Montana à laquelle on enlève un H Elena
21%
Prénom d'un skieur français vainqueur du classement général en 2020-2021 Alexis
11%
Synonyme de "reconnaissant" Honoré
8%
Demi-dieu grec, c'est l'un des fils de Poséidon Otis
2%
À en croire ses camarades elle a des poux Suzon
0%
Aucun quiz correspondant
Distribution des résultats
% des personnes avec chaque résultat
Percentile par nombre de réponses
Votre historique - résultats
Vous n’avez pas pris ce quiz